000 00398nam a2200157Ia 4500
008 230917s9999||||xx |||||||||||||| ||und||
020 _cRS200
040 _e14159
_aMAIN
041 _aEnglish
082 _a330.9048 B469W
100 _aBhalla, G S, ed.
245 0 _aWorld economy in transition: An Indian renspective
260 _aNew Delhi
_bHar-Anand
_c1992
300 _a218 p.
942 _cBK
999 _c83481
_d83481